Death and the maiden /

Saved in:
Bibliographic Details
Main Author: Lindall, Edward, 1915-
Format: Book
Language:English
Published: St Albans, Herts. : Panther, 1975.
LEADER 00724nam a2200205 a 4500
001 c000211978
003 CARM
005 20021125002500.0
008 920227s1975 enk 00000 eng d
019 1 |a 3548635  |z 8699911  |5 LACONCORD2021 
020 |a 0586041486 
035 |a (OCoLC)16286426  |5 LACONCORD2021 
040 |a NUN  |c NUN 
100 1 |a Lindall, Edward,  |d 1915- 
245 1 0 |a Death and the maiden /  |c Edward Lindall. 
260 |a St Albans, Herts. :  |b Panther,  |c 1975. 
300 |a 143 p. 
852 8 |b CARM  |h A2:AK33A0  |i A03097  |p 0287194  |f BK 
999 f f |i 86d4983f-f9be-5367-b507-d538068ac5ae  |s fbd0d68c-9661-576a-b809-30453220789f 
952 f f |p Can circulate  |a CAVAL  |b CAVAL  |c CAVAL  |d CARM 1 Store  |e A03097  |f A2:AK33A0  |h Other scheme  |i book  |m 0287194